Transferability of best practice in transport policy delivery (Record no. 109608)

MARC details
000 -LEADER
fixed length control field 02108cad a22002415a 4500
001 - CONTROL NUMBER
control field E147544
008 - FIXED-LENGTH DATA ELEMENTS--GENERAL INFORMATION
fixed length control field 090521s2003 xxk f s000 0 eng d
020 ## - INTERNATIONAL STANDARD BOOK NUMBER
International Standard Book Number 0755935829
022 1# - INTERNATIONAL STANDARD SERIAL NUMBER
International Standard Serial Number 0950-2254
035 ## - SYSTEM CONTROL NUMBER
System control number (Sirsi) u147544
041 0# - LANGUAGE CODE
Language code of text/sound track or separate title eng
050 04 - LIBRARY OF CONGRESS CALL NUMBER
Classification number 711.7 $2 18
110 2# - MAIN ENTRY--CORPORATE NAME
Corporate name or jurisdiction name as entry element Colin Buchanan and Partners
9 (RLIN) 2434
245 00 - TITLE STATEMENT
Title Transferability of best practice in transport policy delivery
Remainder of title final report
Medium [electronic resource]
260 ## - PUBLICATION, DISTRIBUTION, ETC.
Place of publication, distribution, etc. [Edinburgh]
Name of publisher, distributor, etc. Scottish Executive Social Research
Date of publication, distribution, etc. 2003
505 2# - FORMATTED CONTENTS NOTE
Formatted contents note Introduction: purpose of report; information used for this research; methodology; interviews; structure of the report -- Questionnaire survey and results of interviews: introduction; questionnaire results; questionnaire analysis; results of interviews; conclusions to interviews and questionnaires -- Comparison of cities and regions: introduction; pre-conditions for effective implementation; key points emerging from literature review; Madrid, Spain; Barcelona, Spain; Jonkoping, and Sundsvall, Sweden (considered together); Berlin-Brandenburg, Germany; Copenhagen, Denmark; Helsinki, Finland; Stockholm, Sweden; London, England; Munich, Germany; Zurich, Switzerland; Vancouver, Canada; conclusions; less good practice; Dublin, Ireland; Lisbon, Portugal; the UK -- Ideal conditions for transport policy implementation: introduction, transport policy implementation in Scotland; lessons from best practice; conditions for transport policy implementation in Scotland; the pre-conditions, and local transport strategies; implementing the ideal pre-conditions; conclusions
520 ## - SUMMARY, ETC.
Summary, etc. Discusses the results of research aimed at identifying good practice in the delivery of transport policy across Europe, and looking at ways in which Scotland can learn from such good practice and use it to inform its own policies.
521 ## - TARGET AUDIENCE NOTE
Target audience note Advanced
651 #4 - SUBJECT ADDED ENTRY--GEOGRAPHIC NAME
Geographic name Scotland
Chronological subdivision 1999-
690 ## - LOCAL SUBJECT ADDED ENTRY--TOPICAL TERM (OCLC, RLIN)
Topical term or geographic name as entry element PROPERTY-INFRASTRUCTURE-TRANSPORT INFRASTRUCTURE
856 40 - ELECTRONIC LOCATION AND ACCESS
Uniform Resource Identifier <a href="https://www.scotland.gov.uk/Publications/2003/08/17895/23882">https://www.scotland.gov.uk/Publications/2003/08/17895/23882</a>
Public note View the report free of charge at www.scotland.gov.uk...
942 ## - ADDED ENTRY ELEMENTS (KOHA)
Suppress in OPAC 0
Holdings
Withdrawn status Lost status Source of classification or shelving scheme Damaged status Not for loan Home library Current library Shelving location Date acquired Total Checkouts Full call number Barcode Date last seen Copy number Price effective from Koha item type
    Dewey Decimal Classification     Virtual Virtual Online 21/05/2009   ONLINE PUBLICATION 147544-2001 06/08/2019 1 06/08/2019 Book